[Event "DVM U16 2008"]
[Site "Bingen GER"]
[Date "2008.12.28"]
[Round "4"]
[White "Zelbel, Patrick"]
[Black "Geske, Julian"]
[Result "1/2-1/2"]
[Termination "normal"]
[Board "1.1"]
[WhiteElo "2246"]
[BlackElo "2229"]
[WhiteTeam "SF Brackel 1930"]
[BlackTeam "SV 1920 Hofheim"]
[PlyCount "36"]
[WhiteFideId "24624322"]
[BlackFideId "24605263"]
[EventCountry "GER"]
[EventRounds "7"]
[EventType "team-swiss"]
[EventDate "2008.12.26"]

1. e4 d5 2. exd5 Qxd5 3. Nc3 Qa5 4. d4 Nf6 5. Bc4 Bg4 6. f3 Bf5 7. Nge2 e6 8.
g4 Bg6 9. h4 h6 10. Nf4 Bh7 11. Bd2 Qb4 12. Bb3 Nc6 13. Ncd5 Qd6 14. Nxf6+ gxf6
15. d5 exd5 16. Qe2+ Qe5 17. Qxe5+ Nxe5 18. O-O-O c6 1/2-1/2

[Event "DVM U16 2008"]
[Site "Bingen GER"]
[Date "2008.12.28"]
[Round "4"]
[White "Hartmann, Nicolas"]
[Black "Kartsev, Alexandr"]
[Result "1-0"]
[Termination "normal"]
[Board "1.2"]
[WhiteElo "2011"]
[BlackElo "2084"]
[WhiteTeam "SV 1920 Hofheim"]
[BlackTeam "SF Brackel 1930"]
[PlyCount "70"]
[WhiteFideId "24626481"]
[BlackFideId "24647110"]
[EventCountry "GER"]
[EventRounds "7"]
[EventType "team-swiss"]
[EventDate "2008.12.26"]

1. e4 c5 2. Nf3 d6 3. d4 cxd4 4. Nxd4 Nf6 5. Nc3 a6 6. Bc4 e6 7. Bb3 b5 8. O-O
Be7 9. Qf3 Qc7 10. Re1 Nbd7 11. Bxe6 Ne5 12. Qh3 fxe6 13. Nxe6 Bxe6 14. Qxe6
Qc8 15. Qb3 Qc4 16. Qa3 d5 17. Qa5 Bb4 18. Qb6 Qc6 19. Qd4 Qd6 20. Bf4 Nc6 21.
exd5+ Kf7 22. Qe3 Nxd5 23. Nxd5 23... Qxd5 {(=)} 24. Rad1 Qf5 25. c3 Bc5 26.
Qf3 Ne7 27. Re5 Bxf2+ 28. Qxf2 Qf6 29. Rd7 Rhe8 30. Bg5 Qxf2+ 31. Kxf2 Rad8 32.
Rdxe7+ Rxe7 33. Rxe7+ Kg6 34. Rxg7+ Kxg7 35. Bxd8 Kf7 1-0

[Event "DVM U16 2008"]
[Site "Bingen GER"]
[Date "2008.12.28"]
[Round "4"]
[White "Strathoff, Jens"]
[Black "Ackermann, Johannes"]
[Result "1/2-1/2"]
[Termination "normal"]
[Board "1.3"]
[WhiteElo "2020"]
[BlackElo "1936"]
[WhiteTeam "SF Brackel 1930"]
[BlackTeam "SV 1920 Hofheim"]
[PlyCount "70"]
[WhiteFideId "4699084"]
[BlackFideId "24663875"]
[EventCountry "GER"]
[EventRounds "7"]
[EventType "team-swiss"]
[EventDate "2008.12.26"]

1. e4 e5 2. Nf3 Nc6 3. Bc4 Nf6 4. Ng5 d5 5. exd5 Na5 6. Bb5+ c6 7. dxc6 bxc6 8.
Be2 h6 9. Nf3 e4 10. Ne5 Bc5 11. c3 Qc7 12. f4 Nb7 13. d4 exd3 14. Qxd3 Nd6 15.
Bf3 O-O 16. Be3 Bf5 17. Qe2 Bxe3 18. Qxe3 Rfe8 19. O-O Nc4 20. Qc5 Nxe5 21.
fxe5 Ne4 22. Bxe4 Bxe4 23. Nd2 Rxe5 24. Qc4 Bd5 25. Qf4 Bxg2 26. Rae1 Rae8 27.
Nc4 Bxf1 28. Rxe5 Rxe5 29. Qxe5 Qxe5 30. Nxe5 Bh3 31. Nxc6 a6 32. Kf2 Be6 33.
b3 f5 34. Ke3 g5 35. Nd4 Bd7 1/2-1/2

[Event "DVM U16 2008"]
[Site "Bingen GER"]
[Date "2008.12.28"]
[Round "4"]
[White "Schulz, Anja"]
[Black "Borgmeyer, Max"]
[Result "1-0"]
[Termination "normal"]
[Board "2.1"]
[WhiteElo "1954"]
[BlackElo "2069"]
[WhiteTeam "SV Muldental Wilkau-Haßlau"]
[BlackTeam "Koenigsspr. SC von 1984"]
[PlyCount "57"]
[WhiteFideId "24647845"]
[BlackFideId "24615870"]
[EventCountry "GER"]
[EventRounds "7"]
[EventType "team-swiss"]
[EventDate "2008.12.26"]

1. e4 c5 2. Nf3 d6 3. d4 cxd4 4. Nxd4 Nf6 5. Nc3 a6 6. Be3 e5 7. Nb3 Be6 8. f3
Nbd7 9. g4 Nb6 10. g5 Nfd7 11. h4 Rc8 12. Qd2 Nc4 13. Bxc4 Bxc4 14. O-O-O Nb6
15. Qf2 Nd7 16. Kb1 Qc7 17. h5 Be7 18. Qg2 Nf8 19. Nd5 Bxd5 20. exd5 Qc4 21.
Rd3 Qa4 22. Qf2 Rc4 23. f4 exf4 24. Bd4 24... Bxg5 {(=)} 25. Qe2+ Be7 26. Re1
Rc7 27. Rc3 Qd7 28. Rxc7 Qxc7 29. Bxg7 1-0

[Event "DVM U16 2008"]
[Site "Bingen GER"]
[Date "2008.12.28"]
[Round "4"]
[White "Lock, Adrian"]
[Black "Völz, Michael"]
[Result "1-0"]
[Termination "normal"]
[Board "2.2"]
[WhiteElo "1981"]
[BlackElo "1785"]
[WhiteTeam "Koenigsspr. SC von 1984"]
[BlackTeam "SV Muldental Wilkau-Haßlau"]
[PlyCount "59"]
[WhiteFideId "24651290"]
[BlackFideId "24640107"]
[EventCountry "GER"]
[EventRounds "7"]
[EventType "team-swiss"]
[EventDate "2008.12.26"]

1. e4 e5 2. Nf3 Nc6 3. Bc4 Bc5 4. d3 Nf6 5. O-O d6 6. Be3 Bb6 7. c3 Be6 8. Nbd2
d5 9. exd5 Nxd5 10. Bxb6 axb6 11. Re1 f6 12. d4 Qd6 13. dxe5 Nxe5 14. Nxe5 fxe5
15. Qh5+ Kd7 16. Qg5 g6 17. Rad1 c6 18. Ne4 Qc7 19. Nf6+ Kc8 20. Rxe5 Qd6 21.
Ne4 Qd7 22. Nf6 Qd6 23. Rde1 Bf7 24. Nxd5 cxd5 25. Bxd5 Qd7 26. Qf6 Rf8 27.
Bxf7 Rxf7 28. Re8+ Kc7 29. Qe5+ Qd6 30. Qxd6+ 1-0

[Event "DVM U16 2008"]
[Site "Bingen GER"]
[Date "2008.12.28"]
[Round "4"]
[White "Schuffenhauer, Robert"]
[Black "Streich, Justus"]
[Result "1/2-1/2"]
[Termination "normal"]
[Board "2.3"]
[WhiteElo "1633"]
[BlackElo "1725"]
[WhiteTeam "SV Muldental Wilkau-Haßlau"]
[BlackTeam "Koenigsspr. SC von 1984"]
[PlyCount "88"]
[WhiteFideId "1270108"]
[BlackFideId "24697168"]
[EventCountry "GER"]
[EventRounds "7"]
[EventType "team-swiss"]
[EventDate "2008.12.26"]

1. d4 d5 2. c4 e6 3. Nc3 Be7 4. Nf3 Nf6 5. Bg5 h6 6. Bxf6 Bxf6 7. e3 O-O 8. Qc2
Nc6 9. a3 Re8 10. Bd3 e5 11. dxe5 Nxe5 12. Nxe5 Bxe5 13. Nxd5 c6 14. Nc3 Qg5
15. O-O-O Qxg2 16. Rdg1 Qf3 17. Be4 Qh5 18. f4 Bf6 19. Bh7+ Kh8 20. Ne4 Be7 21.
Qc3 Bf8 22. Rg3 Bg4 23. Rhg1 f5 24. h3 Kxh7 25. hxg4 Qf7 26. g5 Kh8 27. gxh6
Re7 28. Rg6 fxe4 29. f5 Kh7 30. f6 gxf6 31. Rg7+ Bxg7 32. Rxg7+ Qxg7 33. hxg7
Kxg7 34. Qb4 Kf7 35. c5 Rd8 36. Qa5 Ra8 37. Qa4 a6 38. Qc4+ Kg7 39. Qe2 Rh8 40.
Qg4+ Kf7 41. b4 Rhe8 42. Qh5+ Ke6 43. Qg4+ Kf7 44. Qh5+ Ke6 1/2-1/2

[Event "DVM U16 2008"]
[Site "Bingen GER"]
[Date "2008.12.28"]
[Round "4"]
[White "Steinfeldt, Henry"]
[Black "Schlemmer, Martin"]
[Result "1-0"]
[Termination "normal"]
[Board "2.4"]
[WhiteElo "1585"]
[BlackElo "1436"]
[WhiteTeam "Koenigsspr. SC von 1984"]
[BlackTeam "SV Muldental Wilkau-Haßlau"]
[PlyCount "75"]
[WhiteFideId "24697176"]
[EventCountry "GER"]
[EventRounds "7"]
[EventType "team-swiss"]
[EventDate "2008.12.26"]

1. e4 e5 2. Nf3 Nc6 3. Bc4 Bc5 4. d3 Nf6 5. O-O h6 6. c3 a5 7. Be3 Bxe3 8. fxe3
d6 9. Nbd2 Qe7 10. Re1 O-O 11. d4 Bg4 12. Qc2 Rab8 13. Bd5 Nd8 14. a3 c6 15.
Ba2 b5 16. b4 Nb7 17. d5 c5 18. bxa5 Nxa5 19. a4 b4 20. cxb4 cxb4 21. Nb3 Rfc8
22. Qb1 Qa7 23. Nfd2 Nc4 24. Nxc4 Rxc4 25. Na5 Rxe4 26. Nc6 Qb7 27. Nxb8 Qxb8
28. Qd3 Qb6 29. Qb5 Qxb5 30. axb5 Nd7 31. Rac1 Nc5 32. Bb1 Bf5 33. Bxe4 Bxe4
34. Red1 b3 35. Rxc5 dxc5 36. d6 Bf5 37. e4 Bd7 38. b6 1-0

[Event "DVM U16 2008"]
[Site "Bingen GER"]
[Date "2008.12.28"]
[Round "4"]
[White "Höger, Bastian"]
[Black "Marx, Joschka"]
[Result "1/2-1/2"]
[Termination "normal"]
[Board "3.1"]
[WhiteElo "1855"]
[BlackElo "1978"]
[WhiteTeam "Kieler SG Meerbauer"]
[BlackTeam "Segeberger Schachfreunde"]
[PlyCount "46"]
[WhiteFideId "24611140"]
[BlackFideId "24645869"]
[EventCountry "GER"]
[EventRounds "7"]
[EventType "team-swiss"]
[EventDate "2008.12.26"]

1. c4 c5 2. Nc3 Nc6 3. g3 g6 4. Bg2 Bg7 5. e3 e5 6. Nge2 Nge7 7. O-O d6 8. d3
O-O 9. a3 a5 10. Rb1 Be6 11. Nd5 Bxd5 12. cxd5 Na7 13. b4 axb4 14. axb4 cxb4
15. Rxb4 b5 16. Qb3 {(=)} 16... Qd7 17. Nc3 Rab8 18. e4 f5 19. Be3 f4 20. Bxa7
Qxa7 21. Rxb5 fxg3 22. hxg3 Rxb5 23. Qxb5 Rb8 1/2-1/2

[Event "DVM U16 2008"]
[Site "Bingen GER"]
[Date "2008.12.28"]
[Round "4"]
[White "Schwarzat, Julian"]
[Black "Höger, Phillipp"]
[Result "1-0"]
[Termination "normal"]
[Board "3.2"]
[WhiteElo "2009"]
[BlackElo "1743"]
[WhiteTeam "Segeberger Schachfreunde"]
[BlackTeam "Kieler SG Meerbauer"]
[PlyCount "46"]
[WhiteFideId "24675857"]
[BlackFideId "24657212"]
[EventCountry "GER"]
[EventRounds "7"]
[EventType "team-swiss"]
[EventDate "2008.12.26"]

1. e4 c5 2. Nf3 d6 3. d4 cxd4 4. Nxd4 Nf6 5. Nc3 g6 6. Be3 Bg7 7. f3 O-O 8. Qd2
Nc6 9. O-O-O d5 10. Qe1 e5 11. Nxc6 bxc6 12. exd5 cxd5 13. Bg5 d4 14. Ne4 Rb8
15. b3 Bf5 16. Qh4 Bxe4 17. fxe4 Qb6 18. Bc4 h6 19. Bxh6 Bxh6+ 20. Qxh6 Nxe4
21. Rd3 Rfd8 22. Rf1 Rd7 23. Rh3 Qf6 1-0

[Event "DVM U16 2008"]
[Site "Bingen GER"]
[Date "2008.12.28"]
[Round "4"]
[White "Gogol, Max"]
[Black "Huhnstock, Rico"]
[Result "1/2-1/2"]
[Termination "normal"]
[Board "3.3"]
[WhiteElo "1698"]
[BlackElo "1886"]
[WhiteTeam "Kieler SG Meerbauer"]
[BlackTeam "Segeberger Schachfreunde"]
[PlyCount "65"]
[WhiteFideId "4620429"]
[BlackFideId "24642932"]
[EventCountry "GER"]
[EventRounds "7"]
[EventType "team-swiss"]
[EventDate "2008.12.26"]

1. Nf3 d5 2. g3 Nf6 3. Bg2 g6 4. d3 Bg7 5. O-O O-O 6. Nc3 c5 7. e4 d4 8. Ne2
Nc6 9. Nd2 e5 10. h3 Ne8 11. f4 f5 12. Kh2 Nd6 13. fxe5 Nxe5 14. Nf4 Rb8 15. a4
Re8 16. b3 b6 17. exf5 Nxf5 18. Nc4 Nxc4 19. bxc4 Bb7 20. Bxb7 Rxb7 21. Qf3
Rbe7 22. Bd2 Be5 23. Rae1 Bxf4 24. Qxf4 Rxe1 25. Rxe1 Rxe1 26. Bxe1 Qe7 27. Qf2
Ne3 28. Qe2 Qe5 29. Qf3 Nxc2 30. Qa8+ Kg7 31. Qxa7+ Kf8 32. Qa8+ Qe8 33. Qf3+
1/2-1/2

[Event "DVM U16 2008"]
[Site "Bingen GER"]
[Date "2008.12.28"]
[Round "4"]
[White "Neitzel, Mirko"]
[Black "Dittmann, Jan"]
[Result "1-0"]
[Termination "normal"]
[Board "3.4"]
[WhiteElo "1815"]
[BlackElo "1717"]
[WhiteTeam "Segeberger Schachfreunde"]
[BlackTeam "Kieler SG Meerbauer"]
[PlyCount "35"]
[WhiteFideId "24657298"]
[EventCountry "GER"]
[EventRounds "7"]
[EventType "team-swiss"]
[EventDate "2008.12.26"]

1. e4 c5 2. Nc3 Nc6 3. f4 d6 4. Nf3 g6 5. Bc4 Bg7 6. d3 e6 7. O-O Nge7 8. Qe1
O-O 9. f5 exf5 10. Qh4 fxe4 11. Ng5 h5 12. Nxf7 Rxf7 13. Rxf7 d5 14. Rxe7 Qxe7
15. Bxd5+ Kh7 16. Bg5 Qe5 17. Bxe4 Be6 18. Qxh5+ 1-0

[Event "DVM U16 2008"]
[Site "Bingen GER"]
[Date "2008.12.28"]
[Round "4"]
[White "Kordts, Florian"]
[Black "Kopp, Nico"]
[Result "1/2-1/2"]
[Termination "normal"]
[Board "4.1"]
[WhiteElo "1925"]
[BlackElo "2097"]
[WhiteTeam "SC Postbauer-Heng"]
[BlackTeam "SK Landau"]
[PlyCount "43"]
[WhiteFideId "24626856"]
[BlackFideId "24608092"]
[EventCountry "GER"]
[EventRounds "7"]
[EventType "team-swiss"]
[EventDate "2008.12.26"]

1. c4 Nf6 2. Nf3 d6 3. Nc3 e5 4. g3 g6 5. d3 Bg7 6. Bg2 O-O 7. O-O Nc6 8. Rb1
a5 9. a3 h6 10. b4 axb4 11. axb4 Be6 12. b5 Ne7 13. Bb2 Qd7 14. Qc2 Bh3 15. Ra1
Bxg2 16. Kxg2 Rab8 17. d4 exd4 18. Nxd4 Qg4 19. e4 Nh7 20. f3 Qd7 21. Nce2 f5
22. Nf4 1/2-1/2

[Event "DVM U16 2008"]
[Site "Bingen GER"]
[Date "2008.12.28"]
[Round "4"]
[White "Karpa, Adrian"]
[Black "Grimm, Pascal"]
[Result "0-1"]
[Termination "normal"]
[Board "4.2"]
[WhiteElo "1627"]
[BlackElo "1877"]
[WhiteTeam "SK Landau"]
[BlackTeam "SC Postbauer-Heng"]
[PlyCount "122"]
[WhiteFideId "1270608"]
[BlackFideId "24620122"]
[EventCountry "GER"]
[EventRounds "7"]
[EventType "team-swiss"]
[EventDate "2008.12.26"]

1. c4 g6 2. Nc3 Bg7 3. d4 d6 4. e4 Nd7 5. Nf3 e5 6. d5 Ne7 7. Be2 O-O 8. O-O h6
9. Ne1 f5 10. Nd3 Nf6 11. f3 f4 12. c5 g5 13. cxd6 cxd6 14. h3 Nh5 15. Bd2 Ng3
16. Rc1 Nxf1 17. Bxf1 Bd7 18. Nf2 a6 19. a4 Qb6 20. b4 Rfc8 21. a5 Qd8 22. Nd3
b6 23. Na4 Rxc1 24. Nxc1 Nc8 25. Be1 Qc7 26. Na2 Bf6 27. Qb3 Bd8 28. Bf2 Qb7
29. axb6 Bxa4 30. Qxa4 Bxb6 31. Qe8+ Kg7 32. Bxb6 Nxb6 33. Qc6 Qxc6 34. dxc6
Rc8 35. b5 axb5 36. Bxb5 Na8 37. Nc3 Nc7 38. Bc4 Kf6 39. Nd5+ Nxd5 40. exd5 Rb8
41. Bd3 Ke7 42. Bf5 Kd8 43. Kh2 Rb2 44. h4 {(=)} 44... Rb5 45. Be4 Rc5 46. Kh3
Ke7 47. Kg4 Kf6 48. g3 fxg3 49. hxg5+ hxg5 50. Kxg3 Rc1 51. Kf2 Rc4 52. Bd3 Rc5
53. Be4 g4 54. fxg4 Kg5 55. Bf5 Kf4 56. Ke2 e4 57. Be6 Rc3 58. Kd2 Rc4 59. Ke2
{(=)} 59... Rc5 60. Bf5 e3 61. Bg6 Rxd5 0-1

[Event "DVM U16 2008"]
[Site "Bingen GER"]
[Date "2008.12.28"]
[Round "4"]
[White "Riexinger, Martin"]
[Black "Louis, Malte"]
[Result "1/2-1/2"]
[Termination "normal"]
[Board "4.3"]
[WhiteElo "1792"]
[BlackElo "1549"]
[WhiteTeam "SC Postbauer-Heng"]
[BlackTeam "SK Landau"]
[PlyCount "79"]
[WhiteFideId "24674320"]
[BlackFideId "1270609"]
[EventCountry "GER"]
[EventRounds "7"]
[EventType "team-swiss"]
[EventDate "2008.12.26"]

1. d4 Nf6 2. c4 g6 3. Nc3 Bg7 4. Nf3 d6 5. Bg5 O-O 6. e3 Nbd7 7. Be2 e5 8. O-O
h6 9. Bh4 Re8 10. Qc2 c6 11. Rfd1 Qc7 12. Rac1 a6 13. b4 exd4 14. Nxd4 c5 15.
Nd5 Nxd5 16. cxd5 b6 17. Bf3 Ne5 18. Be2 Qd7 19. Nc6 Bb7 20. Bg3 Bxc6 21. dxc6
Qxc6 22. Bxe5 dxe5 23. bxc5 Rad8 24. Rxd8 Rxd8 25. cxb6 Qxb6 26. Qc6 Qb2 27.
Qc2 Rb8 28. Bxa6 Qxc2 29. Rxc2 e4 30. Rc8+ Rxc8 31. Bxc8 Kf8 32. a4 Bc3 33. Bb7
f5 34. Kf1 Ke7 35. Bc6 Kd6 36. Bb5 g5 37. f3 exf3 38. gxf3 f4 39. e4 Ke5 40. h3
1/2-1/2

[Event "DVM U16 2008"]
[Site "Bingen GER"]
[Date "2008.12.28"]
[Round "4"]
[White "Schmidt, Justus"]
[Black "Riexinger, Andreas"]
[Result "0-1"]
[Termination "normal"]
[Board "4.4"]
[WhiteElo "1424"]
[BlackElo "1716"]
[WhiteTeam "SK Landau"]
[BlackTeam "SC Postbauer-Heng"]
[PlyCount "86"]
[WhiteFideId "1270610"]
[BlackFideId "24652113"]
[EventCountry "GER"]
[EventRounds "7"]
[EventType "team-swiss"]
[EventDate "2008.12.26"]

1. e4 d6 2. d4 Nf6 3. Nc3 g6 4. f4 Bg7 5. Bd3 Na6 6. Nf3 O-O 7. O-O b6 8. a3 c5
9. Qe2 cxd4 10. Nxd4 Nc5 11. Nf3 e5 12. fxe5 dxe5 13. Be3 Qc7 14. Bxc5 Qxc5+
15. Qf2 Qe7 16. h3 Nh5 17. Nd5 Qd6 18. Nd2 Be6 19. Rab1 Bxd5 20. exd5 Nf4 21.
Bc4 Nxd5 22. Ne4 Qc6 23. Bxd5 Qxd5 24. Nf6+ Bxf6 25. Qxf6 Qd4+ 26. Qf2 Qxf2+
27. Kxf2 Rac8 28. c3 e4 29. Ke3 f5 30. Rbd1 Rfd8 31. h4 Kf7 32. g3 Ke6 33. Rd4
Rxd4 34. cxd4 Rc2 35. Rf2 Rxf2 36. Kxf2 Kd5 37. Ke3 b5 38. b3 a5 39. a4 bxa4
40. bxa4 h5 41. Ke2 Kxd4 42. Kd2 e3+ 43. Ke2 Ke4 0-1

[Event "DVM U16 2008"]
[Site "Bingen GER"]
[Date "2008.12.28"]
[Round "4"]
[White "Bor, Tobias"]
[Black "Meißner, Felix"]
[Result "0-1"]
[Termination "normal"]
[Board "5.2"]
[WhiteElo "1978"]
[BlackElo "2125"]
[WhiteTeam "Schachklub Nordhorn-Blanke"]
[BlackTeam "SC Leipzig-Gohlis"]
[PlyCount "64"]
[WhiteFideId "24665398"]
[BlackFideId "24671827"]
[EventCountry "GER"]
[EventRounds "7"]
[EventType "team-swiss"]
[EventDate "2008.12.26"]

1. e4 c5 2. Nc3 d6 3. f4 Nc6 4. Nf3 g6 5. Bc4 Bg7 6. d3 e6 7. O-O Nge7 8. Qe1
O-O 9. Qh4 Nd4 10. Nxd4 cxd4 11. Ne2 d5 12. Bb3 dxe4 13. dxe4 f5 14. e5 Nc6 15.
Qf2 Qb6 16. Rd1 Rd8 17. Ba4 Bf8 18. Rd3 Bc5 19. a3 a5 20. h3 Bd7 21. g4 Nxe5
22. fxe5 Bxa4 23. Nf4 Bb5 24. Qh4 Bxd3 25. cxd3 Rf8 26. Qg5 Rf7 27. h4 Be7 28.
Qh6 Qb3 29. h5 Qd1+ 30. Kh2 Qxg4 31. Nxg6 hxg6 32. hxg6 Rg7 0-1

[Event "DVM U16 2008"]
[Site "Bingen GER"]
[Date "2008.12.28"]
[Round "4"]
[White "Pantusenko, Valeria"]
[Black "Hurink, Maarten"]
[Result "1/2-1/2"]
[Termination "normal"]
[Board "5.3"]
[WhiteElo "1704"]
[BlackElo "1917"]
[WhiteTeam "SC Leipzig-Gohlis"]
[BlackTeam "Schachklub Nordhorn-Blanke"]
[PlyCount "101"]
[WhiteFideId "4662920"]
[BlackFideId "24669156"]
[EventCountry "GER"]
[EventRounds "7"]
[EventType "team-swiss"]
[EventDate "2008.12.26"]

1. e4 d5 2. exd5 Qxd5 3. Nf3 Nf6 4. d4 c6 5. Be2 Bf5 6. O-O e6 7. c4 Qd8 8. Nc3
Be7 9. Bf4 O-O 10. Kh1 Nbd7 11. Nh4 Bg6 12. Nxg6 hxg6 13. Qc2 Nb6 14. Rad1 Qc8
15. b3 Rd8 16. Rfe1 Bb4 17. Bf3 Rd7 18. Re3 Qd8 19. Red3 Rc8 20. Ne4 Nxe4 21.
Bxe4 Be7 22. Qd2 Bf6 23. Be5 Bxe5 24. dxe5 Rcc7 25. Qe3 Rxd3 26. Rxd3 Rd7 27.
g3 Rxd3 28. Bxd3 Qe7 29. Kg2 c5 30. Bc2 Nd7 31. f4 Nb8 32. Be4 b6 33. Qd3 Qd7
34. Qxd7 Nxd7 35. Bc6 Nb8 36. Be4 Kf8 37. Kf3 Ke7 38. h3 Na6 39. g4 Nb4 40. a3
Na6 41. Bd3 Nb8 42. Be4 Nd7 43. Bc6 Nb8 44. Bb7 Kd7 45. h4 Nc6 46. Bxc6+ Kxc6
47. Ke4 Kd7 48. h5 gxh5 49. gxh5 Ke7 50. f5 f6 51. exf6+ 1/2-1/2

[Event "DVM U16 2008"]
[Site "Bingen GER"]
[Date "2008.12.28"]
[Round "4"]
[White "Kleinschmidt, Annika"]
[Black "Ohme, Markus"]
[Result "0-1"]
[Termination "normal"]
[Board "5.4"]
[WhiteElo "1553"]
[BlackElo "1366"]
[WhiteTeam "Schachklub Nordhorn-Blanke"]
[BlackTeam "SC Leipzig-Gohlis"]
[PlyCount "138"]
[WhiteFideId "24670049"]
[EventCountry "GER"]
[EventRounds "7"]
[EventType "team-swiss"]
[EventDate "2008.12.26"]

1. e4 e5 2. Nf3 Nc6 3. d4 exd4 4. Nxd4 Bc5 5. Be3 Qf6 6. c3 Nge7 7. Bc4 O-O 8.
O-O Rd8 9. Nxc6 Qxc6 10. Qh5 d5 11. exd5 Nxd5 12. Bxc5 Qxc5 13. Bb3 Qc6 14. Nd2
Be6 15. Rad1 Nf6 16. Qg5 h6 17. Qg3 Bxb3 18. Nxb3 Rd7 19. Nd4 Qd5 20. Rde1 Qd6
21. Qf3 Rb8 22. Re3 Qb6 23. Qe2 Qd6 24. Rg3 Qd5 25. Qe3 Kh8 26. b3 c5 27. Nb5
a6 28. c4 Qd2 29. Nc3 Qxe3 30. Rxe3 Rbd8 31. Rfe1 b6 32. h3 Kg8 33. Kf1 Rd2 34.
R1e2 Kf8 35. Ke1 Rxe2+ 36. Kxe2 Rd4 37. Re5 Rd8 38. Ke3 Rd7 39. Nd5 Rd6 40. Nc7
a5 41. Nd5 Nd7 42. Re4 Nf6 43. Re5 Nd7 44. Rf5 Re6+ 45. Kd2 Rd6 46. Kc3 Rg6 47.
g3 Re6 48. Kd2 Rd6 49. a3 Nf6 50. Kc3 Nxd5+ 51. Rxd5 Ke7 52. Re5+ Re6 53. Rd5
Rc6 54. f4 g6 55. g4 Rf6 56. Re5+ Re6 57. Kd3 Rxe5 58. fxe5 Ke6 59. Ke4 g5 60.
a4 Ke7 61. Kd5 Kd7 62. Ke4 Ke6 63. Kf3 Kxe5 64. Ke3 f6 65. Kf3 f5 66. Ke3 f4+
67. Kd3 f3 68. Ke3 f2 69. Kxf2 Kd4 0-1

[Event "DVM U16 2008"]
[Site "Bingen GER"]
[Date "2008.12.28"]
[Round "4"]
[White "Hötte, Philipp"]
[Black "Nguyen Minh, Thuy"]
[Result "1-0"]
[Termination "normal"]
[Board "6.2"]
[WhiteElo "1725"]
[BlackElo "1867"]
[WhiteTeam "Schachfreunde Paderborn 2000"]
[BlackTeam "USG Chemnitz"]
[PlyCount "85"]
[WhiteFideId "24696390"]
[BlackFideId "24672688"]
[EventCountry "GER"]
[EventRounds "7"]
[EventType "team-swiss"]
[EventDate "2008.12.26"]

1. c4 Nf6 2. Nc3 e6 3. g3 Bb4 4. Bg2 O-O 5. e4 Nc6 6. Nge2 Ne5 7. Qc2 c6 8. a3
Ba5 9. b4 Bc7 10. d3 d5 11. f4 dxc4 12. fxe5 cxd3 13. Qd2 Bxe5 14. Nf4 Bd4 15.
Bf3 e5 16. Nxd3 Ng4 17. Bxg4 Bxg4 18. Bb2 f5 19. Rf1 fxe4 20. Nxe4 Rxf1+ 21.
Kxf1 Qd5 22. Ndf2 Rf8 23. Bxd4 Qxe4 24. Kg1 Qxd4 25. Qxd4 exd4 26. Nxg4 Rf3 27.
Rd1 h5 28. Nf2 Rxa3 29. Rxd4 Ra4 30. Nd3 a5 31. Rd8+ Kh7 32. Rd7 Ra3 33. bxa5
Rxa5 34. Rxb7 Ra4 35. Nc5 Ra1+ 36. Kg2 Re1 37. Rc7 Re2+ 38. Kg1 Re1+ 39. Kf2
Rh1 40. Kg2 Rd1 41. Ne6 Rc1 42. Rxg7+ Kh6 43. Rc7 1-0

[Event "DVM U16 2008"]
[Site "Bingen GER"]
[Date "2008.12.28"]
[Round "4"]
[White "Schätz, Annika"]
[Black "Neukötter, Moritz"]
[Result "1-0"]
[Termination "normal"]
[Board "6.3"]
[WhiteElo "1715"]
[BlackElo "1685"]
[WhiteTeam "USG Chemnitz"]
[BlackTeam "Schachfreunde Paderborn 2000"]
[PlyCount "69"]
[WhiteFideId "24674796"]
[BlackFideId "24603279"]
[EventCountry "GER"]
[EventRounds "7"]
[EventType "team-swiss"]
[EventDate "2008.12.26"]

1. e4 c5 2. Nf3 Nc6 3. d4 cxd4 4. Nxd4 g6 5. Nc3 Bg7 6. Be3 Nf6 7. Bc4 O-O 8.
Bb3 d6 9. f3 Bd7 10. Qd2 h5 11. O-O-O Nxd4 12. Bxd4 Qc7 13. Rdg1 Rfc8 14. h4
14... e6 {(=)} 15. g4 e5 16. Be3 hxg4 17. h5 gxh5 18. Bg5 Be6 19. Bxe6 fxe6 20.
Bxf6 Bxf6 21. Rxh5 Kf7 22. Rh7+ Bg7 23. Rxg4 Rg8 24. Qh6 Kf8 25. Qxe6 Re8 26.
Rgxg7 Qxg7 27. Qf5+ Ke7 28. Nd5+ Kd8 29. Rxg7 Rxg7 30. Qf6+ Rge7 31. Nxe7 Rxe7
32. Qxd6+ Ke8 33. Qb8+ Kf7 34. Qxa7 Kf6 35. Qe3 1-0

[Event "DVM U16 2008"]
[Site "Bingen GER"]
[Date "2008.12.28"]
[Round "4"]
[White "Masalsky, Nicolai"]
[Black "Jentzsch, Jakob"]
[Result "1/2-1/2"]
[Termination "normal"]
[Board "6.4"]
[WhiteElo "1438"]
[BlackElo "1528"]
[WhiteTeam "Schachfreunde Paderborn 2000"]
[BlackTeam "USG Chemnitz"]
[PlyCount "76"]
[EventCountry "GER"]
[EventRounds "7"]
[EventType "team-swiss"]
[EventDate "2008.12.26"]

1. e4 c6 2. Nf3 d5 3. Nc3 dxe4 4. Nxe4 Bf5 5. Ng3 Bg6 6. d4 Qc7 7. Bd3 Bxd3 8.
Qxd3 Nd7 9. O-O e6 10. Re1 Be7 11. Bd2 Ngf6 12. c3 O-O 13. Bg5 Rad8 14. Qc2 h6
15. Bxf6 Nxf6 16. Rad1 c5 17. Ne4 cxd4 18. Nxd4 Rd7 19. Rd2 Rfd8 20. Red1 Qf4
21. Nxf6+ Bxf6 22. Nf3 Rxd2 23. Rxd2 b5 24. h3 a6 25. Rxd8+ Bxd8 26. b3 e5 27.
Qd2 Qxd2 28. Nxd2 f6 29. f3 g5 30. Kf2 Kf7 31. c4 b4 32. g4 Kg6 33. Ne4 h5 34.
Ng3 h4 35. Nf5 Kf7 36. Ke3 Ke6 37. Ke4 a5 38. Kd3 Bb6 1/2-1/2

[Event "DVM U16 2008"]
[Site "Bingen GER"]
[Date "2008.12.28"]
[Round "4"]
[White "Zhou, Syang"]
[Black "Kremser, Michael"]
[Result "1-0"]
[Termination "normal"]
[Board "7.1"]
[WhiteElo "2110"]
[BlackElo "1818"]
[WhiteTeam "Schachfreunde Deizisau"]
[BlackTeam "Schachgemeinschaft Porz"]
[PlyCount "120"]
[WhiteFideId "24636126"]
[BlackFideId "1270131"]
[EventCountry "GER"]
[EventRounds "7"]
[EventType "team-swiss"]
[EventDate "2008.12.26"]

1. e4 c5 2. Nf3 d6 3. d4 cxd4 4. Nxd4 Nf6 5. Nc3 a6 6. h3 e6 7. g4 b5 8. Bg2
Bb7 9. O-O b4 10. Nd5 exd5 11. exd5 Be7 12. g5 Nfd7 13. Nf5 O-O 14. Qd4 Ne5 15.
f4 Nbd7 16. fxe5 dxe5 17. Nxe7+ Qxe7 18. Qd3 Qd6 19. Be3 a5 20. Rfd1 Ba6 21.
Qf5 Rfe8 22. Rac1 Rac8 23. Be4 Nf8 24. c3 bxc3 25. Rxc3 Rxc3 26. bxc3 Rb8 27.
Qf2 Rc8 28. Rb1 Rxc3 29. Rb6 Qa3 30. Rxa6 Rxe3 31. Ra7 Rg3+ 32. Bg2 Rxg5 33.
Qxf7+ Kh8 34. Ra8 Qe3+ 35. Qf2 Qxf2+ 36. Kxf2 Rf5+ 37. Ke3 g6 38. d6 Kg7 39.
Rxa5 Kf6 40. Bd5 Rh5 41. Ra8 Rxh3+ 42. Ke2 Rh2+ 43. Ke1 Nd7 44. Ra7 Nb6 45.
Rf7+ Kg5 46. d7 Nxd7 47. Rxd7 h5 48. Rf7 h4 49. a4 Rc2 50. Kf1 h3 51. Kg1 Kg4
52. Rf1 g5 53. a5 Rc5 54. Be6+ Kg3 55. Ra1 Rc7 56. Ra3+ Kf4 57. Bxh3 g4 58. Bg2
e4 59. a6 Ra7 60. Ra4 Kg3 1-0